000 00559nam a2200169 a 4500
001 000033441
005 20250924073803.0
008 110829s1989 dr 000 0 spa d
040 _aDO-SdBNP
_bspa
_cBNPHU
100 1 _aBerroa, Robert
_910541
245 1 0 _aContracanto a Santo Domingo /
_cRobert Berroa.
260 _aSanto Domingo :
_bUASD,
_c1989.
300 _a69 p. ;
_c22 cm.
490 1 _aPublicaciones de la Universidad Autónoma de Santo Domingo
_v618
830 _aPublicaciones de la Universidad Autónoma de Santo Domingo
_v618
_952
049 _aBNPD
999 _c32932
_d32932